Statistics for Melodiile din Nanalien

Click here to take the quiz!

General Stats

  • This quiz has been taken 15 times
  • The average score is 13 of 17

Answer Stats

HintAnswer% Correct
15Asfalt
100%
1Gang in sus
100%
7La saltea
100%
16Nein
100%
5N-o poti controla
100%
10Supermort
100%
6Tata de zahar
100%
2Drogul magic
75%
4Fluture
75%
12Juma de mil
75%
9Mesaje
75%
11Nu vreau nu iau
75%
17Visu Meu
75%
13Wifey a ta
75%
14Nada
50%
3Indragostrip
25%
8Vienna
25%

Score Distribution

Percentile by Number Answered

Percent of People with Each Score

Your Score History

You have not taken this quiz